[Event "NCA-ch sf"]
[Site "Managua"]
[Date "2020.02.23"]
[Round "9"]
[White "Pilarte Tijerino, Rene Antonio"]
[Black "Allen, Alonso"]
[Result "1/2-1/2"]
[WhiteElo "2108"]
[BlackElo "1763"]
[PlyCount "74"]
[EventDate "2020.02.08"]
[EventType "swiss"]
[EventRounds "9"]
[EventCountry "NCA"]
[SourceTitle "EXT 2021"]
[Source "ChessBase"]
[SourceDate "2020.10.23"]
[SourceVersion "1"]
[SourceVersionDate "2020.10.23"]
[SourceQuality "1"]

1. d4 Nf6 2. c4 e6 3. Nf3 b6 4. a3 Bb7 5. Nc3 Ne4 6. Qc2 f5 7. g3 Be7 8. Bg2 Nxc3 9. Qxc3 Be4 10. 0-0 0-0 11. b4 Bf6 12. Bb2 d6 13. Rad1 Qe7 14. Rfe1 Nd7 15. Qb3 c5 16. dxc5 dxc5 17. b5 Rad8 18. a4 Bxf3 19. Bxf3 Ne5 20. Bg2 Rxd1 21. Rxd1 Kf7 22. h4 Rd8 23. Bxe5 Rxd1+ 24. Qxd1 Bxe5 25. e4 g6 26. exf5 gxf5 27. Qh5+ Kf8 28. g4 Qf7 29. Qg5 Bf6 30. Qf4 fxg4 31. Qxg4 Bd4 32. Qf3 Qxf3 33. Bxf3 Bf6 34. h5 h6 35. Kf1 Ke7 36. Ke2 Kd6 37. Be4 Be5 1/2-1/2

[Event "NCA-ch sf"]
[Site "Managua"]
[Date "2020.02.16"]
[Round "5"]
[White "Arevalo Lopez, Josue"]
[Black "Allen, Alonso"]
[Result "1-0"]
[WhiteElo "2006"]
[BlackElo "1763"]
[PlyCount "179"]
[EventDate "2020.02.08"]
[EventType "swiss"]
[EventRounds "9"]
[EventCountry "NCA"]
[SourceTitle "EXT 2021"]
[Source "ChessBase"]
[SourceDate "2020.10.23"]
[SourceVersion "1"]
[SourceVersionDate "2020.10.23"]
[SourceQuality "1"]

1. d4 Nf6 2. Nf3 e6 3. c4 b6 4. a3 Bb7 5. Nc3 Ne4 6. Nxe4 Bxe4 7. Nd2 Bb7 8. e4 d6 9. Be2 g6 10. Qc2 Bg7 11. Nf3 0-0 12. Bg5 Qe8 13. 0-0 Nd7 14. Rfe1 e5 15. d5 h6 16. Bd2 Qe7 17. Bc3 a5 18. b4 a4 19. Bd3 Nf6 20. c5 bxc5 21. bxc5 Ba6 22. Bxa6 Rxa6 23. c6 Rfa8 24. Rab1 Kh7 25. Rb7 Ng8 26. Nd2 Qd8 27. Nc4 Ne7 28. Qd2 h5 29. Ba5 Rc8 30. Reb1 Ng8 31. Qb4 Nf6 32. f3 Ne8 33. Rb8 Ra8 34. Rxc8 Rxc8 35. Qxa4 Rb8 36. Rxb8 Qxb8 37. Qb4 Qa7+ 38. Kf1 Qd4 39. Nd2 Qd3+ 40. Kg1 Qe3+ 41. Kf1 Qd3+ 42. Kg1 Qe3+ 43. Kf1 Qd3+ 44. Ke1 Bh6 45. Nf1 Qc2 46. Nd2 Qd3 47. Qc3 Bxd2+ 48. Qxd2 Qxa3 49. Qc3 Qa2 50. Qd2 Qa1+ 51. Kf2 h4 52. Bc3 Qh1 53. h3 Qh2 54. Qg5 Qf4 55. Bd2 Qxg5 56. Bxg5 f6 57. Bxh4 g5 58. Bg3 Ng7 59. Ke2 Kg6 60. Be1 Kf7 61. Ba5 Ne8 62. Kd3 Ke7 63. Kc4 Kd8 64. Kb5 Kc8 65. Ka6 Kb8 66. Bd2 Ng7 67. h4 gxh4 68. Be1 f5 69. Bxh4 f4 70. Kb5 Kc8 71. Kc4 Kb8 72. Bd8 Kc8 73. Bh4 Kb8 74. Kd3 Ka7 75. Ke2 Kb6 76. Bd8 Nh5 77. Kf2 Ng3 78. Bh4 Nh1+ 79. Kg1 Ng3 80. Bxg3 fxg3 81. Kf1 Kc5 82. Ke2 Kd4 83. Kd2 Kc4 84. Ke3 Kc3 85. f4 exf4+ 86. Kxf4 Kd4 87. Kf5 Ke3 88. e5 Kf2 89. exd6 Kxg2 90. dxc7 1-0

[Event "Managua Ramirez de Arellano Memorial"]
[Site "Managua"]
[Date "2019.07.21"]
[Round "6"]
[White "Allen, Alonso"]
[Black "Arana Gutierrez, Rodolfo Enrique"]
[Result "1-0"]
[WhiteElo "1795"]
[BlackElo "1147"]
[PlyCount "77"]
[EventDate "2019.07.13"]
[EventType "swiss"]
[EventRounds "9"]
[EventCountry "NCA"]
[SourceTitle "EXT 2020"]
[Source "ChessBase"]
[SourceDate "2019.10.17"]
[SourceVersion "1"]
[SourceVersionDate "2019.10.17"]
[SourceQuality "1"]

1. Nf3 Nf6 2. c4 g6 3. g3 Bg7 4. Bg2 0-0 5. d4 d6 6. Nc3 c5 7. 0-0 cxd4 8. Nxd4 e5 9. Ndb5 Ne8 10. Nd5 a6 11. Nbc3 Nc6 12. Be3 Nd4 13. Qd2 Nc7 14. Bg5 f6 15. Be3 Nce6 16. Qd1 Rb8 17. Bd2 Bd7 18. e3 Nc6 19. Qe2 f5 20. Rab1 e4 21. b4 Ne5 22. Rbc1 Ng5 23. f4 exf3 24. Bxf3 Ngxf3+ 25. Rxf3 Nxf3+ 26. Qxf3 Kh8 27. Qf4 Be5 28. Qh6 Bg7 29. Qf4 Bc6 30. a4 Bxd5 31. Nxd5 Re8 32. Qf1 Re4 33. Qd3 Rg4 34. Bc3 Be5 35. Kg2 Qh4 36. Nf4 Rg8 37. Qd5 Rf8 38. Bxe5+ dxe5 39. Qxe5+ 1-0

[Event "Managua Gomez Argenal Memorial 19th"]
[Site "Managua"]
[Date "2019.06.08"]
[Round "4"]
[White "Allen, Alonso"]
[Black "Chavez Melendez, Pedro Pablo"]
[Result "1-0"]
[WhiteElo "1772"]
[BlackElo "1476"]
[PlyCount "95"]
[EventDate "2019.06.16"]
[EventType "swiss"]
[EventRounds "9"]
[EventCountry "NCA"]
[SourceTitle "EXT 2020"]
[Source "ChessBase"]
[SourceDate "2019.10.17"]
[SourceVersion "1"]
[SourceVersionDate "2019.10.17"]
[SourceQuality "1"]

1. e4 b6 2. d4 e6 3. Nf3 Be7 4. c4 Bb7 5. Nc3 d6 6. Bd3 Nf6 7. 0-0 0-0 8. Bf4 Na6 9. Rc1 c5 10. d5 e5 11. Be3 Bc8 12. h3 h6 13. a3 Nc7 14. b4 Bd7 15. Bc2 cxb4 16. axb4 Nh7 17. Ne2 f5 18. exf5 Bxf5 19. Bxf5 Rxf5 20. Ng3 Rf8 21. Qd3 Ng5 22. Nxg5 Bxg5 23. Bxg5 Qxg5 24. Ne4 Qe7 25. Rcd1 Na6 26. Qa3 Nc7 27. Qa4 a5 28. Qc6 axb4 29. Qxb6 Ra6 30. Qxb4 Rf4 31. f3 Rxe4 32. fxe4 Qg5 33. Qd2 Qd8 34. Ra1 Rb6 35. Rab1 Ne8 36. Qe3 Rxb1 37. Rxb1 Nf6 38. Rc1 Qf8 39. Rf1 Qe7 40. Ra1 Kh7 41. Ra7 Qf8 42. Qf3 Qd8 43. Qf5+ Kh8 44. Kh2 Qb8 45. Rf7 Kg8 46. Qg6 Ne8 47. Re7 Nf6 48. Qxg7# 1-0

[Event "NCA-ch sf"]
[Site "Managua"]
[Date "2018.02.25"]
[Round "8"]
[White "Allen, Alonso"]
[Black "Escorcia Obando, Carlos David"]
[Result "1-0"]
[WhiteElo "1859"]
[BlackElo "1555"]
[PlyCount "111"]
[EventDate "2018.02.10"]
[EventType "swiss"]
[EventRounds "9"]
[EventCountry "NCA"]
[SourceTitle "CBM 183 Extra"]
[Source "ChessBase"]
[SourceDate "2018.04.19"]
[SourceVersion "1"]
[SourceVersionDate "2018.04.19"]
[SourceQuality "1"]

1. d4 d5 2. c4 c6 3. cxd5 cxd5 4. Nf3 Nf6 5. g3 Nc6 6. Bg2 Bf5 7. Nc3 e6 8. 0-0 Be7 9. Bg5 0-0 10. Rc1 Rc8 11. a3 h6 12. Bxf6 Bxf6 13. e3 Na5 14. Nd2 Nc4 15. Nxc4 Rxc4 16. Re1 Qd7 17. Bf1 Rcc8 18. Qb3 h5 19. Bb5 Qd6 20. Be2 h4 21. Nb5 Rxc1 22. Rxc1 Qb6 23. Qb4 Rd8 24. Qc5 Qa5 25. b4 Qa4 26. Qxa7 Qb3 27. Qc5 Qb2 28. Bf1 hxg3 29. hxg3 e5 30. Qc3 Qxc3 31. Rxc3 exd4 32. Nxd4 Bxd4 33. exd4 Rc8 34. Rxc8+ Bxc8 35. Bg2 Be6 36. a4 Kf8 37. Kf1 Ke7 38. Ke2 f5 39. f4 Kd6 40. Kd3 Kc6 41. Bf3 g6 42. Kc3 Kb6 43. Be2 Bd7 44. a5+ Kc7 45. b5 b6 46. a6 Be6 47. Kd2 Bd7 48. Ke3 Be6 49. Kf3 Bd7 50. Kg2 Be8 51. Kh3 Kb8 52. Kh4 Kc7 53. Kg5 Kc8 54. Kf6 Kc7 55. Ke7 Bd7 56. a7 1-0

[Event "NCA-ch sf"]
[Site "Managua"]
[Date "2018.02.25"]
[Round "9"]
[White "Arevalo Lopez, Josue"]
[Black "Allen, Alonso"]
[Result "1/2-1/2"]
[WhiteElo "1978"]
[BlackElo "1859"]
[PlyCount "64"]
[EventDate "2018.02.10"]
[EventType "swiss"]
[EventRounds "9"]
[EventCountry "NCA"]
[SourceTitle "CBM 183 Extra"]
[Source "ChessBase"]
[SourceDate "2018.04.19"]
[SourceVersion "1"]
[SourceVersionDate "2018.04.19"]
[SourceQuality "1"]

1. d4 e6 2. Nf3 Nf6 3. c4 b6 4. g3 Bb7 5. Bg2 d5 6. 0-0 Be7 7. Nc3 0-0 8. Ne5 c6 9. e4 dxc4 10. Nxc4 Nbd7 11. Re1 b5 12. Ne5 Nxe5 13. dxe5 Nd7 14. f4 Nc5 15. Qf3 b4 16. Ne2 Qc7 17. Nd4 Rfd8 18. Rd1 Na4 19. Kh1 c5 20. Nc2 Rxd1+ 21. Qxd1 Rd8 22. Qe1 Qd7 23. b3 Nc3 24. Bb2 Qd3 25. Ne3 Bxe4 26. Bxc3 Bxg2+ 27. Kxg2 bxc3 28. Rd1 Qe4+ 29. Kf2 Rd3 30. Qe2 Rxd1 31. Qxd1 Qd5 32. Ke2 Kf8 1/2-1/2

[Event "Managua Gomez Argenal Memorial"]
[Site "Managua"]
[Date "2017.06.18"]
[Round "9"]
[White "Allen, Alonso"]
[Black "Lopez Lopez, Manuel"]
[Result "1-0"]
[WhiteElo "1848"]
[BlackElo "1359"]
[PlyCount "75"]
[EventDate "2017.06.03"]
[EventType "swiss"]
[EventRounds "9"]
[EventCountry "NCA"]
[SourceTitle "EXT 2018"]
[Source "ChessBase"]
[SourceDate "2017.10.13"]
[SourceVersion "1"]
[SourceVersionDate "2017.10.13"]
[SourceQuality "1"]

1. Nf3 Nc6 2. d4 d5 3. g3 Nf6 4. Bg2 Bf5 5. 0-0 e6 6. c4 dxc4 7. Qa4 Be7 8. Ne5 0-0 9. Nxc6 bxc6 10. Qxc4 Ne4 11. Nc3 Nxc3 12. bxc3 Rb8 13. Bxc6 Bh3 14. Re1 Qd6 15. Bf4 Qd8 16. Rab1 Bd6 17. Bd2 Rb6 18. Bg2 Bxg2 19. Kxg2 Be7 20. e4 c5 21. Be3 cxd4 22. cxd4 Qa8 23. f3 Qb7 24. Rb3 Rc8 25. Rxb6 axb6 26. Qb3 Qc6 27. Rc1 Qb7 28. Rxc8+ Qxc8 29. f4 h5 30. h3 Qa6 31. Kf2 b5 32. d5 b4 33. dxe6 Qxe6 34. Qxe6 fxe6 35. Ke2 Kf8 36. Kd3 Ke8 37. Kc4 Kd7 38. Bc5 1-0

[Event "Managua Gomez Argenal Memorial"]
[Site "Managua"]
[Date "2017.06.18"]
[Round "8"]
[White "Cornejo Pena, Oscar Mauricio"]
[Black "Allen, Alonso"]
[Result "1/2-1/2"]
[WhiteElo "1701"]
[BlackElo "1848"]
[PlyCount "90"]
[EventDate "2017.06.03"]
[EventType "swiss"]
[EventRounds "9"]
[EventCountry "NCA"]
[SourceTitle "EXT 2018"]
[Source "ChessBase"]
[SourceDate "2017.10.13"]
[SourceVersion "1"]
[SourceVersionDate "2017.10.13"]
[SourceQuality "1"]

1. d4 Nf6 2. c4 e6 3. Nc3 b6 4. Nf3 Bb7 5. Bg5 Be7 6. e3 0-0 7. Bd3 d5 8. 0-0 dxc4 9. Bxc4 Nbd7 10. Qe2 Ne4 11. Bxe7 Qxe7 12. Rfd1 Ndf6 13. Rac1 c5 14. Nxe4 Nxe4 15. Ne5 Rad8 16. Qc2 cxd4 17. exd4 Rc8 18. Qe2 Nd6 19. Bb3 Rxc1 20. Rxc1 Qg5 21. Qf1 Rc8 22. Rd1 Nf5 23. f4 Qd8 24. Qd3 Qh4 25. g3 Qh3 26. d5 Rd8 27. Qf3 Ne7 28. Nxf7 Bxd5 29. Ne5 h5 30. Bxd5 Rxd5 31. Qe2 Qf5 32. Nf3 Rxd1+ 33. Qxd1 Qd5 34. Qe2 Qxa2 35. Ng5 Qb1+ 36. Kg2 Qf5 37. Qxh5 Ng6 38. Qe2 Nf8 39. Nf3 Ng6 40. Ng5 Nf8 41. Ne4 Ng6 42. Qc4 Qg4 43. Qc8+ Nf8 44. Qc4 Ng6 45. Qc8+ Nf8 1/2-1/2

[Event "Managua Ramirez de Arellano Memorial"]
[Site "Managua"]
[Date "2016.07.24"]
[Round "5"]
[White "Allen, Alonso"]
[Black "Pilarte Tijerino, Rene Antonio"]
[Result "1/2-1/2"]
[WhiteElo "1823"]
[BlackElo "2191"]
[PlyCount "75"]
[EventDate "2016.07.16"]
[EventType "swiss"]
[EventRounds "9"]
[EventCountry "NCA"]
[SourceTitle "EXT 2018"]
[Source "ChessBase"]
[SourceDate "2017.10.13"]
[SourceVersion "1"]
[SourceVersionDate "2017.10.13"]
[SourceQuality "1"]

1. Nf3 d5 2. b3 Nf6 3. Bb2 g6 4. g3 Bg7 5. Bg2 0-0 6. 0-0 c5 7. d4 Ne4 8. Qc1 cxd4 9. Bxd4 Bxd4 10. Nxd4 Qb6 11. e3 e5 12. Nf3 Nc6 13. c4 Be6 14. cxd5 Bxd5 15. Nc3 Nxc3 16. Qxc3 f6 17. Rfd1 Ne7 18. Rac1 Rac8 19. Qb2 Rxc1 20. Rxc1 Rd8 21. Rd1 Be4 22. Rxd8+ Qxd8 23. Qc1 Qd5 24. Ne1 Bxg2 25. Nxg2 Nc6 26. Ne1 Kf7 27. Nc2 h5 28. h4 Ke6 29. Qe1 Qc5 30. Qd2 a5 31. Qd3 f5 32. Kf1 b5 33. Ke2 e4 34. Qd2 b4 35. Nd4+ Nxd4+ 36. Qxd4 Qxd4 37. exd4 Kd6 38. Kd2 1/2-1/2